<?xml version="1.0" encoding="UTF-8"?>
<record
    xmlns:xsi="http://www.w3.org/2001/XMLSchema-instance"
    xsi:schemaLocation="http://www.loc.gov/MARC21/slim http://www.loc.gov/standards/marcxml/schema/MARC21slim.xsd"
    xmlns="http://www.loc.gov/MARC21/slim">

  <leader>00942nam a2200217Ia 4500</leader>
  <datafield tag="999" ind1=" " ind2=" ">
    <subfield code="c">40350</subfield>
    <subfield code="d">40350</subfield>
  </datafield>
  <controlfield tag="001">6958</controlfield>
  <controlfield tag="003">GE_BSU</controlfield>
  <controlfield tag="005">20190530145942.0</controlfield>
  <controlfield tag="008">181216s1961||||   |||||||||||||| ||geo||</controlfield>
  <datafield tag="040" ind1=" " ind2=" ">
    <subfield code="c">GE_BSU</subfield>
  </datafield>
  <datafield tag="041" ind1=" " ind2=" ">
    <subfield code="a">geo</subfield>
  </datafield>
  <datafield tag="080" ind1=" " ind2=" ">
    <subfield code="a">338.45+69  &#x10E8;-27</subfield>
  </datafield>
  <datafield tag="100" ind1=" " ind2=" ">
    <subfield code="a">&#x10E8;&#x10D0;&#x10E1;&#x10D8;, &#x10DB;.&#x10D4;.</subfield>
    <subfield code="9">1831</subfield>
  </datafield>
  <datafield tag="245" ind1=" " ind2=" ">
    <subfield code="a">&#x10DB;&#x10E8;&#x10D4;&#x10DC;&#x10D4;&#x10D1;&#x10DA;&#x10DD;&#x10D1;&#x10D8;&#x10E1; &#x10D4;&#x10D9;&#x10DD;&#x10DC;&#x10DD;&#x10DB;&#x10D8;&#x10D9;&#x10D0; : &#x10E1;&#x10D0;&#x10EE;&#x10D4;&#x10DA;&#x10DB;&#x10EB;&#x10E6;&#x10D5;. /</subfield>
    <subfield code="c">&#x10DB;.&#x10D4;. &#x10E8;&#x10D0;&#x10E1;&#x10D8; ;  &#x10E1;&#x10EC;&#x10D0;&#x10D5;&#x10DA;. &#x10E0;&#x10D4;&#x10D3; : &#x10D5;.&#x10DB;. &#x10D8;&#x10DA;&#x10D8;&#x10DC;&#x10D8;.</subfield>
  </datafield>
  <datafield tag="250" ind1=" " ind2=" ">
    <subfield code="a">&#x10D7;&#x10D0;&#x10E0;&#x10D2;&#x10DB;&#x10D0;&#x10DC;&#x10D8; &#x10DB;&#x10D4;&#x10DD;&#x10E0;&#x10D4; &#x10E8;&#x10D4;&#x10D5;&#x10E1;&#x10D4;&#x10D1;. &#x10D3;&#x10D0; &#x10D2;&#x10D0;&#x10D3;&#x10D0;&#x10DB;&#x10E3;&#x10E8;. &#x10E0;&#x10E3;&#x10E1;&#x10E3;&#x10DA;&#x10D8; &#x10D2;&#x10D0;&#x10DB;&#x10DD;&#x10EA;.</subfield>
  </datafield>
  <datafield tag="264" ind1=" " ind2=" ">
    <subfield code="a">&#x10D7;&#x10D1;&#x10D8;&#x10DA;&#x10D8;&#x10E1;&#x10D8; :</subfield>
    <subfield code="b">&#x10EA;&#x10DD;&#x10D3;&#x10DC;&#x10D0;,</subfield>
    <subfield code="c">1961.</subfield>
  </datafield>
  <datafield tag="300" ind1=" " ind2=" ">
    <subfield code="a">658 &#x10D2;&#x10D5; .:</subfield>
    <subfield code="c">22 &#x10D2;&#x10D5;.</subfield>
  </datafield>
  <datafield tag="653" ind1=" " ind2=" ">
    <subfield code="a">&#x10DB;&#x10E8;&#x10D4;&#x10DC;&#x10D4;&#x10D1;&#x10DA;&#x10DD;&#x10D1;&#x10D8;&#x10E1; &#x10D4;&#x10D9;&#x10DD;&#x10DC;&#x10DD;&#x10DB;&#x10D8;&#x10D9;&#x10D0;</subfield>
  </datafield>
  <datafield tag="700" ind1=" " ind2=" ">
    <subfield code="a">&#x10D8;&#x10DA;&#x10D8;&#x10DC;&#x10D8;, &#x10D5;.&#x10DB;.</subfield>
    <subfield code="e">&#x10E1;&#x10EC;&#x10D0;&#x10D5;&#x10DA;&#x10E3;&#x10DA;&#x10D8;  &#x10E0;&#x10D4;&#x10D3;&#x10D0;&#x10E5;&#x10E2;&#x10DD;&#x10E0;&#x10D8;</subfield>
    <subfield code="9">1832</subfield>
  </datafield>
  <datafield tag="942" ind1=" " ind2=" ">
    <subfield code="c">BK</subfield>
    <subfield code="2">udc</subfield>
  </datafield>
  <datafield tag="952" ind1=" " ind2=" ">
    <subfield code="0">0</subfield>
    <subfield code="1">0</subfield>
    <subfield code="2">udc</subfield>
    <subfield code="4">0</subfield>
    <subfield code="6">3384569_&#x10E8;27</subfield>
    <subfield code="7">0</subfield>
    <subfield code="9">44937</subfield>
    <subfield code="a">SPL</subfield>
    <subfield code="b">SPL</subfield>
    <subfield code="c">GEN</subfield>
    <subfield code="d">2018-12-17</subfield>
    <subfield code="g">2.00</subfield>
    <subfield code="o">338.45+69  &#x10E8;-27</subfield>
    <subfield code="p">9742</subfield>
    <subfield code="r">2018-12-17</subfield>
    <subfield code="t">9742</subfield>
    <subfield code="w">2018-12-17</subfield>
    <subfield code="y">BK</subfield>
    <subfield code="z">2 &#x10DA;. 80 &#x10D7;.</subfield>
  </datafield>
  <datafield tag="952" ind1=" " ind2=" ">
    <subfield code="0">0</subfield>
    <subfield code="1">0</subfield>
    <subfield code="2">udc</subfield>
    <subfield code="4">0</subfield>
    <subfield code="6">3384569_&#x10E8;27</subfield>
    <subfield code="7">0</subfield>
    <subfield code="9">44938</subfield>
    <subfield code="a">SPL</subfield>
    <subfield code="b">SPL</subfield>
    <subfield code="c">GEN</subfield>
    <subfield code="d">2018-12-17</subfield>
    <subfield code="g">2.00</subfield>
    <subfield code="o">338.45+69  &#x10E8;-27</subfield>
    <subfield code="p">9743</subfield>
    <subfield code="r">2018-12-17</subfield>
    <subfield code="t">9743</subfield>
    <subfield code="w">2018-12-17</subfield>
    <subfield code="y">BK</subfield>
    <subfield code="z">2 &#x10DA;. 80 &#x10D7;.</subfield>
  </datafield>
</record>
